Integrácia akciových trhov: vyspelé trhy a trhy krajín V4 dizertačná práca

Enregistré dans:
Détails bibliographiques
Auteur principal: Baumöhl, Eduard, 1982-
Collectivité auteur: Ekonomická univerzita v Bratislave. Podnikovohospodárska fakulta so sídlom v Košiciach
Autres auteurs: Farkašovská, Mária
Format: Livre
Langue:slovaque
Publié: Bratislava 2009
Sujets:
Tags: Ajouter un tag
Pas de tags, Soyez le premier à ajouter un tag!

MARC

LEADER 00000nam$a2200000$$$4500
001 0106347
005 20230227085752.1
041 0 |a slo 
044 |a SK 
245 1 0 |a Integrácia akciových trhov: vyspelé trhy a trhy krajín V4  |b dizertačná práca  |c Eduard Baumöhl ; škol. Mária Farkašovská 
264 1 |a Bratislava  |c 2009 
300 |a 133 s. 
610 2 0 |a akcie 
610 2 0 |a trh burzový 
610 2 0 |a trh finančný 
100 1 |a Baumöhl, Eduard, 1982- 
700 1 |a Farkašovská, Mária 
710 2 |a Ekonomická univerzita v Bratislave. Podnikovohospodárska fakulta so sídlom v Košiciach